| 000 | 00667nam a22001577a 4500 | ||
|---|---|---|---|
| 003 | OSt | ||
| 005 | 20151021100932.0 | ||
| 008 | 151021b xxu||||| |||| 00| 0 eng d | ||
| 040 | _cRUA | ||
| 082 | _aAVM VAN 2009 B090 Or.1 | ||
| 100 |
_92586 _aVANN, SOPHEA. |
||
| 245 | _astudy on small scale cattle raising in roleapiaer district, kampong chhnang province (ការចិញ្ចឹមគោជាលក្ខណៈគ្រួសាររបស់ប្រជាកសិករស្រុករលាប្រ្អៀរ ខេត្តកំពង់ឆ្នាំង) | ||
| 260 |
_aPhnom Penh _bRUA _c2009 |
||
| 300 |
_ax, 47p. _bill. _c29cm. |
||
| 942 |
_2ddc _cAVM |
||
| 999 |
_c2431 _d2431 |
||